| 000 | 00615nam a2200229Ia 4500 | ||
|---|---|---|---|
| 008 | 180523s9999 xx 000 0 und d | ||
| 020 | _a978-007-125892-0 | ||
| 050 | _aMAIN HF 5549.2 | ||
| 050 | _b.U5H86 2006 | ||
| 245 | 0 | _aHuman resource management : | |
| 245 | 0 | _bgaining a competitive advantage / | |
| 245 | 0 | _cRaymond A. Noe… [et al]. | |
| 250 | _a5th Edition | ||
| 260 | _aNew York : | ||
| 260 | _bMcGraw-Hill, | ||
| 260 | _c2006 | ||
| 300 | _a749 pages : | ||
| 300 | _billustrations ; | ||
| 300 | _c25 cm. | ||
| 500 | _aIncludes index. | ||
| 650 | _aPersonnel management -- United States. | ||
| 999 |
_c357159 _d357159 |
||